[Event "16PCR_ZK07"]
[Site "?"]
[Date "2005.??.??"]
[Round "?"]
[White "Houdek, Vladimir"]
[Black "Latal, Frantisek"]
[Result "1-0"]
[WhiteElo "2151"]
[BlackElo "2046"]
[PlyCount "43"]
[EventDate "2005.??.??"]
[EventType "corr"]
[EventRounds "2"]
[SourceDate "2005.02.23"]

1. Nf3 d5 2. d4 Nf6 3. c4 e6 4. Nc3 c5 5. cxd5 exd5 6. Bg5 Be6 7. e3 c4 8. Be2
Be7 9. O-O O-O 10. Bxf6 Bxf6 11. b3 Nd7 12. bxc4 dxc4 13. Qc2 Nb6 14. a4 Rc8
15. Rfb1 Qd7 16. e4 Bg4 17. Rd1 Rfe8 18. h3 Be6 19. a5 Na8 20. Ne5 Bd8 21. d5
Bf5 22. Qb2 1-0

[Event "16PCR_ZK07"]
[Site "?"]
[Date "2005.??.??"]
[Round "?"]
[White "Houdek, Vladimir"]
[Black "Novak, Jindrich"]
[Result "1-0"]
[WhiteElo "2151"]
[BlackElo "1807"]
[PlyCount "51"]
[EventDate "2005.??.??"]
[EventType "corr"]
[EventRounds "2"]
[SourceDate "2005.02.23"]

1. Nf3 Nf6 2. c4 d6 3. d4 Bg4 4. Nc3 Nbd7 5. Qb3 Qc8 6. h3 Bh5 7. g4 Bg6 8. Bg2
c6 9. Be3 h5 10. Nh4 hxg4 11. Nxg6 fxg6 12. O-O-O gxh3 13. Rxh3 Rh5 14. Qc2 Kf7
15. Rg3 d5 16. Qxg6+ Kg8 17. Rh3 Qe8 18. Qxe8 Rxe8 19. Rxh5 Nxh5 20. cxd5 Nhf6
21. Bh3 g5 22. Be6+ Kg7 23. dxc6 bxc6 24. Bxg5 Kg6 25. Rg1 Bh6 26. Bf4+ 1-0

[Event "16PCR_ZK07"]
[Site "?"]
[Date "2005.??.??"]
[Round "?"]
[White "Houdek, Vladimir"]
[Black "Sindelar, Frantisek"]
[Result "1-0"]
[WhiteElo "2151"]
[BlackElo "1925"]
[PlyCount "91"]
[EventDate "2005.??.??"]
[EventType "corr"]
[EventRounds "2"]
[SourceDate "2005.02.23"]

1. Nf3 Nf6 2. c4 c5 3. Nc3 Nc6 4. d4 cxd4 5. Nxd4 Nxd4 6. Qxd4 d6 7. Bd2 e5 8.
Qd3 Qb6 9. b3 Be7 10. g3 Bd7 11. Bg2 Bc6 12. Be3 Qa6 13. O-O O-O 14. Rad1 Rfe8
15. a4 Rac8 16. Bh3 Ra8 17. b4 e4 18. Qd4 Bd7 19. Bxd7 Nxd7 20. Nb5 Rac8 21.
Nxd6 Bxd6 22. Qxd6 Nb8 23. Qxa6 Nxa6 24. Rd7 Nxb4 25. c5 Nc6 26. Rxb7 Rb8 27.
Rxb8 Rxb8 28. Rd1 Rd8 29. Rb1 Rd7 30. Bf4 f5 31. Bd6 Nd4 32. Kg2 Kf7 33. Rd1
Nc6 34. f3 exf3+ 35. exf3 Na5 36. Rb1 Ke6 37. Re1+ Kd5 38. Re5+ Kc6 39. Rxf5
Nc4 40. Rf4 Nxd6 41. cxd6 Kd5 42. Re4 Kxd6 43. Rh4 h6 44. Rd4+ Ke7 45. Rxd7+
Kxd7 46. Kh3 1-0

[Event "16PCR_ZK07"]
[Site "?"]
[Date "2005.??.??"]
[Round "?"]
[White "Houdek, Vladimir"]
[Black "Slavik, Miroslav"]
[Result "1/2-1/2"]
[WhiteElo "2151"]
[BlackElo "2198"]
[PlyCount "85"]
[EventDate "2005.??.??"]
[EventType "corr"]
[EventRounds "2"]
[SourceDate "2005.02.23"]

1. Nf3 d5 2. d4 Nf6 3. c4 e6 4. Nc3 Bb4 5. cxd5 exd5 6. Bg5 h6 7. Bh4 c5 8. e3
O-O 9. Bd3 c4 10. Bc2 Nbd7 11. O-O Qa5 12. Ne2 Re8 13. a3 Bf8 14. Nc3 Bd6 15.
Bg3 Bxg3 16. hxg3 Nb8 17. Ne5 Nc6 18. Ba4 Re6 19. f4 Bd7 20. Nxd7 Nxd7 21. e4
Nb6 22. f5 Ree8 23. Bxc6 bxc6 24. e5 c5 25. e6 Re7 26. Qg4 f6 27. Qf4 cxd4 28.
Qxd4 Rc7 29. Rad1 Qc5 30. Kf2 Rd8 31. Kf3 Qc6 32. Kf4 Rb7 33. Rh1 Rbb8 34. Kg4
Qb7 35. Rhe1 Kh7 36. Qf4 d4 37. e7 Re8 38. Rxd4 Qxg2 39. Rd2 Qb7 40. a4 Nd7 41.
Nd5 Rbc8 42. Qd6 Nb6 43. Nxb6 1/2-1/2

[Event "16PCR_ZK07"]
[Site "?"]
[Date "2005.??.??"]
[Round "?"]
[White "Houdek, Vladimir"]
[Black "Vanc, Vladimir"]
[Result "1-0"]
[WhiteElo "2151"]
[BlackElo "1834"]
[PlyCount "49"]
[EventDate "2005.??.??"]
[EventType "corr"]
[EventRounds "2"]
[SourceDate "2005.02.23"]

1. Nf3 Nf6 2. c4 e6 3. Nc3 d5 4. d4 Bb4 5. Bg5 h6 6. Bxf6 Qxf6 7. e3 O-O 8. Rc1
c6 9. Bd3 Nd7 10. O-O Bxc3 11. Rxc3 dxc4 12. Rxc4 e5 13. Qc2 exd4 14. Rxd4 Ne5
15. Nxe5 Qxe5 16. Rd1 Be6 17. Be4 Qf6 18. b3 Rfd8 19. Qc5 Rxd4 20. Rxd4 g6 21.
h3 g5 22. Qb4 Rb8 23. Qa5 Qe7 24. Qxa7 Qc7 25. Bxc6 1-0

[Event "16PCR_ZK07"]
[Site "?"]
[Date "2005.??.??"]
[Round "?"]
[White "Kudr, Roman"]
[Black "Latal, Frantisek"]
[Result "1-0"]
[WhiteElo "1987"]
[BlackElo "2046"]
[PlyCount "79"]
[EventDate "2005.??.??"]
[EventType "corr"]
[EventRounds "2"]
[SourceDate "2005.02.23"]

1. e4 e5 2. Nf3 Nc6 3. Bb5 a6 4. Ba4 Nf6 5. O-O Be7 6. Re1 b5 7. Bb3 O-O 8. c3
d5 9. exd5 Nxd5 10. Nxe5 Nxe5 11. Rxe5 c6 12. Bxd5 cxd5 13. d4 Bd6 14. Re3 Qh4
15. h3 f5 16. Qf3 Bb7 17. Nd2 g5 18. Qe2 g4 19. Re6 Rad8 20. Nf1 gxh3 21. g3
Qg4 22. Bh6 Qxe2 23. Rxe2 Rfe8 24. Rae1 Re4 25. Nd2 Rg4 26. Kh2 Rg6 27. Bf4
Bxf4 28. gxf4 Bc6 29. Nf3 Rh6 30. Re7 Rd7 31. Re8+ Kg7 32. Ne5 Rc7 33. Rg1+ Kf6
34. Rf8+ Ke7 35. Rf7+ Kd6 36. Rgg7 Rc8 37. b3 Be8 38. Ra7 Rh4 39. Rxa6+ Rc6 40.
Ra8 1-0

[Event "16PCR_ZK07"]
[Site "?"]
[Date "2005.??.??"]
[Round "?"]
[White "Kudr, Roman"]
[Black "Novak, Jindrich"]
[Result "1-0"]
[WhiteElo "1987"]
[BlackElo "1807"]
[PlyCount "33"]
[EventDate "2005.??.??"]
[EventType "corr"]
[EventRounds "2"]
[SourceDate "2005.02.23"]

1. e4 d6 2. d4 Nf6 3. Nc3 c6 4. Nf3 Bg4 5. Be2 Nbd7 6. h3 Bh5 7. O-O e5 8. Be3
Qc7 9. Nh4 Bxe2 10. Qxe2 O-O-O 11. d5 Nb6 12. a4 cxd5 13. a5 Nc4 14. Bxa7 Nxb2
15. Nxd5 Nxd5 16. exd5 Qc3 17. a6 1-0

[Event "16PCR_ZK07"]
[Site "?"]
[Date "2005.??.??"]
[Round "?"]
[White "Kudr, Roman"]
[Black "Sindelar, Frantisek"]
[Result "1/2-1/2"]
[WhiteElo "1987"]
[BlackElo "1925"]
[PlyCount "63"]
[EventDate "2005.??.??"]
[EventType "corr"]
[EventRounds "2"]
[SourceDate "2005.02.23"]

1. e4 e6 2. d4 d5 3. e5 c5 4. c3 Nc6 5. Nf3 Qb6 6. a3 Bd7 7. b4 cxd4 8. cxd4
Rc8 9. Be3 Nce7 10. Bd3 Bb5 11. O-O Nf5 12. Ra2 Bxd3 13. Qxd3 Qc6 14. Ne1 Qd7
15. Rc2 Nge7 16. Rxc8+ Nxc8 17. Nf3 Nb6 18. Nbd2 h6 19. Rc1 Be7 20. Nb3 Nc4 21.
Nc5 Qc6 22. Nd2 b5 23. a4 a6 24. Bf4 O-O 25. a5 Bxc5 26. dxc5 Qc7 27. Re1 Ne7
28. Nf3 Nc6 29. Qc3 f5 30. Nd4 Nxd4 31. Qxd4 g5 32. Bd2 1/2-1/2

[Event "16PCR_ZK07"]
[Site "?"]
[Date "2005.??.??"]
[Round "?"]
[White "Kudr, Roman"]
[Black "Vanc, Vladimir"]
[Result "1-0"]
[WhiteElo "1987"]
[BlackElo "1834"]
[PlyCount "53"]
[EventDate "2005.??.??"]
[EventType "corr"]
[EventRounds "2"]
[SourceDate "2005.02.23"]

1. e4 c5 2. Nf3 e6 3. d4 cxd4 4. Nxd4 a6 5. Bd3 Nc6 6. Nxc6 dxc6 7. Be3 e5 8.
O-O Nf6 9. h3 Be7 10. Qe1 Be6 11. Qc3 Qc7 12. Nd2 Nd7 13. Nf3 h6 14. a4 a5 15.
Qd2 Bc5 16. Bxc5 Nxc5 17. Qc3 Nxd3 18. cxd3 f6 19. d4 exd4 20. Nxd4 Bd7 21. Qc5
O-O-O 22. Rfc1 b6 23. Qc4 c5 24. b4 axb4 25. a5 bxa5 26. Qa6+ Kb8 27. Rxa5 1-0

[Event "16PCR_ZK07"]
[Site "?"]
[Date "2005.??.??"]
[Round "?"]
[White "Latal, Frantisek"]
[Black "Houdek, Vladimir"]
[Result "0-1"]
[WhiteElo "2046"]
[BlackElo "2151"]
[PlyCount "50"]
[EventDate "2005.??.??"]
[EventType "corr"]
[EventRounds "2"]
[SourceDate "2005.02.23"]

1. e4 e6 2. d4 d5 3. Nc3 Nf6 4. e5 Nfd7 5. Nf3 c5 6. Bg5 Qb6 7. Na4 Qa5+ 8. c3
cxd4 9. Nxd4 Nxe5 10. Bb5+ Bd7 11. b4 Qc7 12. O-O Bd6 13. Re1 O-O 14. Bxd7
Nbxd7 15. Nb5 Qc6 16. Nxd6 Qxd6 17. Bf4 f6 18. Nb2 Rfc8 19. Re3 a5 20. Nd3 axb4
21. cxb4 d4 22. Rh3 Qd5 23. Qh5 Qe4 24. Re1 Qxd3 25. Bxe5 Qd2 0-1

[Event "16PCR_ZK07"]
[Site "?"]
[Date "2005.??.??"]
[Round "?"]
[White "Latal, Frantisek"]
[Black "Sindelar, Frantisek"]
[Result "1/2-1/2"]
[WhiteElo "2046"]
[BlackElo "1925"]
[PlyCount "54"]
[EventDate "2005.??.??"]
[EventType "corr"]
[EventRounds "2"]
[SourceDate "2005.02.23"]

1. e4 e6 2. d4 d5 3. Nc3 dxe4 4. Nxe4 Nd7 5. Nf3 Ngf6 6. Nxf6+ Nxf6 7. Bd3 c5
8. O-O cxd4 9. Nxd4 Qb6 10. Be3 Bc5 11. c3 e5 12. b4 Bxd4 13. cxd4 e4 14. d5
Qxb4 15. Rb1 Qd6 16. Bxe4 Ng4 17. g3 Nxe3 18. fxe3 O-O 19. Qd3 g6 20. Bg2 f5
21. Qd4 b6 22. e4 Re8 23. Qb4 Qxb4 24. Rxb4 fxe4 25. Rxe4 Rxe4 26. Bxe4 Bb7 27.
Rd1 Kg7 1/2-1/2

[Event "16PCR_ZK07"]
[Site "?"]
[Date "2005.??.??"]
[Round "?"]
[White "Latal, Frantisek"]
[Black "Slavik, Miroslav"]
[Result "0-1"]
[WhiteElo "2046"]
[BlackElo "2198"]
[PlyCount "92"]
[EventDate "2005.??.??"]
[EventType "corr"]
[EventRounds "2"]
[SourceDate "2005.02.23"]

1. e4 c6 2. d4 d5 3. Nc3 dxe4 4. Nxe4 Nd7 5. Ng5 Ngf6 6. Bd3 e6 7. N1f3 Bd6 8.
Qe2 h6 9. Ne4 Nxe4 10. Qxe4 Nf6 11. Qe2 b6 12. Bd2 Bb7 13. O-O-O Qc7 14. Rhe1
O-O-O 15. Ba6 b5 16. Bxb7+ Kxb7 17. Kb1 Ka8 18. Bc1 Qb7 19. Nd2 Bb4 20. c3 Bd6
21. Nb3 Nd5 22. g3 Rhe8 23. h4 Qd7 24. Nc5 Bxc5 25. dxc5 e5 26. Ka1 Qe7 27. c4
bxc4 28. Qxc4 Rb8 29. b3 Rb4 30. Qc2 Rb5 31. Ba3 e4 32. Qd2 f5 33. Qd4 Ra5 34.
Bb2 Rb8 35. Kb1 g6 36. Rc1 Qb7 37. Qd2 Nb4 38. a3 Nd3 39. Qxa5 Qxb3 40. Re2
Nxb2 41. Ka1 Nd3 42. Qc3 Nxc1 43. Qxc1 Rd8 44. Re3 Rd3 45. Re1 Qa4 46. Ka2 Qd4
0-1

[Event "16PCR_ZK07"]
[Site "?"]
[Date "2005.??.??"]
[Round "?"]
[White "Majstr, Jiri"]
[Black "Novak, Jindrich"]
[Result "1-0"]
[WhiteElo "1600"]
[BlackElo "1807"]
[PlyCount "51"]
[EventDate "2005.??.??"]
[EventType "corr"]
[EventRounds "2"]
[SourceDate "2005.02.23"]

1. e4 c5 2. Nf3 f5 3. exf5 Nc6 4. d4 d5 5. Bb5 Bxf5 6. Bxc6+ bxc6 7. dxc5 Qa5+
8. c3 Nf6 9. b4 Qb5 10. Nd4 Qd3 11. Qxd3 Bxd3 12. Nxc6 g6 13. Ne5 Bf5 14. O-O
Bg7 15. Be3 O-O 16. a4 Rfc8 17. Bd4 Bh6 18. b5 Bf4 19. Re1 Ne4 20. Nc6 Rxc6 21.
bxc6 e5 22. Be3 Bxe3 23. Rxe3 d4 24. cxd4 exd4 25. Re1 Rc8 26. g4 1-0

[Event "16PCR_ZK07"]
[Site "?"]
[Date "2005.??.??"]
[Round "?"]
[White "Majstr, Jiri"]
[Black "Slavik, Miroslav"]
[Result "0-1"]
[WhiteElo "1600"]
[BlackElo "2198"]
[PlyCount "66"]
[EventDate "2005.??.??"]
[EventType "corr"]
[EventRounds "2"]
[SourceDate "2005.02.23"]

1. d4 Nf6 2. Nf3 e6 3. e3 c5 4. Bd3 b6 5. Bd2 Bb7 6. Nc3 d5 7. O-O Be7 8. Ne5
O-O 9. Qf3 Nc6 10. Rfd1 Nb4 11. Qg3 Nxd3 12. cxd3 Nd7 13. e4 cxd4 14. Nxd7 Qxd7
15. Bh6 Bf6 16. Ne2 e5 17. exd5 Qxd5 18. b3 Rfc8 19. Rac1 Rxc1 20. Rxc1 Rc8 21.
Rxc8+ Bxc8 22. Bd2 Ba6 23. h4 h6 24. Bxh6 Qa5 25. f4 e4 26. Bg5 Bxg5 27. fxg5
exd3 28. g6 fxg6 29. Nxd4 d2 30. Qb8+ Kh7 31. Nf3 d1=Q+ 32. Kh2 Qxf3 33. gxf3
Qd2+ 0-1

[Event "16PCR_ZK07"]
[Site "?"]
[Date "2005.??.??"]
[Round "?"]
[White "Majstr, Jiri"]
[Black "Vanc, Vladimir"]
[Result "0-1"]
[WhiteElo "1600"]
[BlackElo "1834"]
[PlyCount "48"]
[EventDate "2005.??.??"]
[EventType "corr"]
[EventRounds "2"]
[SourceDate "2005.02.23"]

1. e4 c5 2. Nf3 e6 3. d4 cxd4 4. Nxd4 a6 5. Nc3 Qc7 6. Be3 Bb4 7. Bd2 Nf6 8.
Bd3 Nc6 9. Nxc6 dxc6 10. O-O e5 11. a3 Be7 12. Bg5 O-O 13. Nd5 cxd5 14. Bxf6
Bxf6 15. exd5 Be7 16. c4 a5 17. Kh1 f5 18. f3 Rf6 19. Re1 Rh6 20. h3 e4 21. Qe2
Qg3 22. fxe4 f4 23. b4 Bxh3 24. Kg1 Bg4 0-1

[Event "16PCR_ZK07"]
[Site "?"]
[Date "2005.??.??"]
[Round "?"]
[White "Novak, Jindrich"]
[Black "Houdek, Vladimir"]
[Result "0-1"]
[WhiteElo "1807"]
[BlackElo "2151"]
[PlyCount "54"]
[EventDate "2005.??.??"]
[EventType "corr"]
[EventRounds "2"]
[SourceDate "2005.02.23"]

1. c3 Nf6 2. Qa4 Nc6 3. e4 e5 4. Nf3 d6 5. Be2 Bd7 6. Qc2 d5 7. d3 h6 8. Be3
Be7 9. Nbd2 O-O 10. O-O Be6 11. a3 d4 12. cxd4 exd4 13. Bf4 Nh5 14. Bg3 Re8 15.
Nc4 Nxg3 16. fxg3 Bg5 17. b4 b5 18. Nce5 Nxe5 19. Nxe5 Qd6 20. Ng4 a5 21. Qc5
Qxc5 22. bxc5 b4 23. Ne5 b3 24. Bh5 Bf6 25. Nc4 Bxc4 26. dxc4 d3 27. Rad1 Rad8
0-1

[Event "16PCR_ZK07"]
[Site "?"]
[Date "2005.??.??"]
[Round "?"]
[White "Novak, Jindrich"]
[Black "Kudr, Roman"]
[Result "0-1"]
[WhiteElo "1807"]
[BlackElo "1987"]
[PlyCount "36"]
[EventDate "2005.??.??"]
[EventType "corr"]
[EventRounds "2"]
[SourceDate "2005.02.23"]

1. Nf3 Nf6 2. b3 d5 3. Bb2 Bg4 4. Ne5 Bf5 5. h3 Nbd7 6. g4 Be4 7. f3 Nxe5 8.
Bxe5 Bg6 9. c4 e6 10. h4 h5 11. g5 Nd7 12. Bb2 Bd6 13. Bg2 Bg3+ 14. Kf1 O-O 15.
d4 dxc4 16. bxc4 c5 17. d5 Nb6 18. Na3 exd5 0-1

[Event "16PCR_ZK07"]
[Site "?"]
[Date "2005.??.??"]
[Round "?"]
[White "Novak, Jindrich"]
[Black "Majstr, Jiri"]
[Result "0-1"]
[WhiteElo "1807"]
[BlackElo "1600"]
[PlyCount "54"]
[EventDate "2005.??.??"]
[EventType "corr"]
[EventRounds "2"]
[SourceDate "2005.02.23"]

1. c4 e5 2. f4 exf4 3. Nf3 Be7 4. h4 d6 5. d4 d5 6. Nc3 Nf6 7. Bxf4 dxc4 8.
Qa4+ Nc6 9. e4 Nh5 10. Bg5 Bd7 11. Qxc4 Ng3 12. d5 Nxh1 13. dxc6 Bxc6 14. Rd1
Qc8 15. Bxe7 Kxe7 16. Ng5 Qf8 17. Qc5+ Ke8 18. Qe5+ Qe7 19. Qxg7 Rf8 20. Qh6
Qe5 21. Nxh7 Rh8 22. Nf6+ Ke7 23. Nfd5+ Bxd5 24. Nxd5+ Qxd5 25. Qf4 Qa5+ 26.
Rd2 Kf8 27. Bc4 Rh7 0-1

[Event "16PCR_ZK07"]
[Site "?"]
[Date "2005.??.??"]
[Round "?"]
[White "Novak, Jindrich"]
[Black "Sindelar, Frantisek"]
[Result "0-1"]
[WhiteElo "1807"]
[BlackElo "1925"]
[PlyCount "38"]
[EventDate "2005.??.??"]
[EventType "corr"]
[EventRounds "2"]
[SourceDate "2005.02.23"]

1. e4 e6 2. d4 d5 3. e5 c5 4. Nf3 cxd4 5. Nxd4 Ne7 6. c3 Nbc6 7. Bd3 Nxe5 8.
Bc2 N7c6 9. O-O Qh4 10. g3 Qh3 11. f4 Ng4 12. Qe2 Bc5 13. Be3 h5 14. Nd2 h4 15.
Rf3 Nxe3 16. Rxe3 Nxd4 17. cxd4 Bxd4 18. Ba4+ Kd8 19. Nf1 hxg3 0-1

[Event "16PCR_ZK07"]
[Site "?"]
[Date "2005.??.??"]
[Round "?"]
[White "Novak, Jindrich"]
[Black "Slavik, Miroslav"]
[Result "0-1"]
[WhiteElo "1807"]
[BlackElo "2198"]
[PlyCount "52"]
[EventDate "2005.??.??"]
[EventType "corr"]
[EventRounds "2"]
[SourceDate "2005.02.23"]

1. c4 Nf6 2. f4 e6 3. d4 d5 4. Nf3 dxc4 5. Nc3 Bb4 6. e3 b5 7. a4 c6 8. Ne5 Ne4
9. Bd2 Qh4+ 10. g3 Nxg3 11. hxg3 Qxh1 12. Qg4 O-O 13. O-O-O Bxc3 14. bxc3 Qd5
15. Be2 f6 16. Bf3 Qd6 17. Rh1 Qa3+ 18. Kd1 fxe5 19. fxe5 Qxa4+ 20. Ke2 Rxf3
21. Qxf3 Qc2 22. Qh5 Qd3+ 23. Kd1 Bd7 24. Qh4 Na6 25. Qe7 b4 26. cxb4 c3 0-1

[Event "16PCR_ZK07"]
[Site "?"]
[Date "2005.??.??"]
[Round "?"]
[White "Novak, Jindrich"]
[Black "Vanc, Vladimir"]
[Result "0-1"]
[WhiteElo "1807"]
[BlackElo "1834"]
[PlyCount "58"]
[EventDate "2005.??.??"]
[EventType "corr"]
[EventRounds "2"]
[SourceDate "2005.02.23"]

1. c3 e5 2. e4 Nc6 3. f4 exf4 4. d4 Qh4+ 5. Kd2 Qf2+ 6. Qe2 Qxe2+ 7. Kxe2 Nf6
8. Bxf4 d6 9. Nd2 Bg4+ 10. Ngf3 O-O-O 11. h3 Bh5 12. d5 Nb8 13. Kf2 Re8 14. Re1
Nbd7 15. Bb5 a6 16. Ba4 b5 17. Bc2 h6 18. a4 g5 19. Bh2 Bg6 20. axb5 axb5 21.
Bd3 Nc5 22. Bxb5 Nfxe4+ 23. Nxe4 Nxe4+ 24. Rxe4 Rxe4 25. Nd2 Kd8 26. Nxe4 Bxe4
27. Bc6 Bg7 28. Ra1 Ke7 29. Ra7 Rc8 0-1

[Event "16PCR_ZK07"]
[Site "?"]
[Date "2005.??.??"]
[Round "?"]
[White "Sindelar, Frantisek"]
[Black "Houdek, Vladimir"]
[Result "0-1"]
[WhiteElo "1925"]
[BlackElo "2151"]
[PlyCount "98"]
[EventDate "2005.??.??"]
[EventType "corr"]
[EventRounds "2"]
[SourceDate "2005.02.23"]

1. e4 e6 2. d4 d5 3. Nd2 c5 4. Ngf3 cxd4 5. Nxd4 Nc6 6. Nxc6 bxc6 7. Bd3 Nf6 8.
e5 Nd7 9. Nf3 Be7 10. O-O O-O 11. c3 Nc5 12. Bc2 a5 13. Re1 Ba6 14. Qd4 h6 15.
b4 Nd7 16. Qg4 f5 17. Qg6 Rf7 18. Qxe6 Bb5 19. Qg6 Nf8 20. Qg3 axb4 21. Bxh6
Ne6 22. Bd2 bxc3 23. Bxc3 Ba4 24. Bb1 d4 25. Bd2 d3 26. a3 Bb3 27. a4 c5 28. a5
g5 29. Ba2 Bxa2 30. Rxa2 Rg7 31. Rc1 Qd5 32. Ra4 g4 33. Ne1 Qb3 34. Rac4 Rd8
35. R4c3 Qa2 36. Rxd3 Nd4 37. Kh1 c4 38. Rxd4 Rxd4 39. Rc2 Qb3 40. Qc3 Bc5 41.
Rb2 Qxc3 42. Bxc3 Rd1 43. g3 Rgd7 44. Kg2 Kf7 45. Rc2 Ke6 46. h4 Bd4 47. Bb4
Rc7 48. Re2 Bc5 49. Bc3 Rb7 0-1

[Event "16PCR_ZK07"]
[Site "?"]
[Date "2005.??.??"]
[Round "?"]
[White "Sindelar, Frantisek"]
[Black "Latal, Frantisek"]
[Result "1-0"]
[WhiteElo "1925"]
[BlackElo "2046"]
[PlyCount "73"]
[EventDate "2005.??.??"]
[EventType "corr"]
[EventRounds "2"]
[SourceDate "2005.02.23"]

1. e4 e5 2. Nf3 Nc6 3. Bb5 a6 4. Bxc6 dxc6 5. O-O f6 6. Qe2 Bd6 7. d3 Ne7 8.
Nbd2 O-O 9. d4 exd4 10. Qc4+ Kh8 11. Nb3 Ng6 12. Nbxd4 Re8 13. Re1 c5 14. Nf5
Ne5 15. Nxe5 Bxe5 16. Be3 Be6 17. Qxc5 Bxb2 18. Rad1 Qc8 19. c3 a5 20. Bd4 b6
21. Qb5 Bxf5 22. exf5 Ba3 23. Qc6 Rd8 24. Re6 Bd6 25. Rde1 Rf8 26. c4 Bb4 27.
R1e4 Qd8 28. h4 Rb8 29. g4 Bd6 30. Kg2 Rg8 31. Bc3 Qf8 32. g5 Bb4 33. Ba1 Qf7
34. gxf6 Bf8 35. Kh1 Rd8 36. Re7 Rd1+ 37. Kh2 1-0

[Event "16PCR_ZK07"]
[Site "?"]
[Date "2005.??.??"]
[Round "?"]
[White "Sindelar, Frantisek"]
[Black "Novak, Jindrich"]
[Result "1-0"]
[WhiteElo "1925"]
[BlackElo "1807"]
[PlyCount "41"]
[EventDate "2005.??.??"]
[EventType "corr"]
[EventRounds "2"]
[SourceDate "2005.02.23"]

1. e4 g6 2. d4 Bg7 3. Bc4 d6 4. Nc3 c6 5. Nf3 Nf6 6. Bb3 O-O 7. O-O b5 8. a3
Nbd7 9. e5 dxe5 10. dxe5 Ng4 11. e6 Nde5 12. Nxe5 Nxe5 13. exf7+ Kh8 14. Qxd8
Rxd8 15. Bg5 Bf6 16. Rad1 Bf5 17. Bh6 Bg7 18. Bxg7+ Kxg7 19. Rfe1 Nc4 20. Rxe7
Rf8 21. Rc7 1-0

[Event "16PCR_ZK07"]
[Site "?"]
[Date "2005.??.??"]
[Round "?"]
[White "Sindelar, Frantisek"]
[Black "Vanc, Vladimir"]
[Result "1-0"]
[WhiteElo "1925"]
[BlackElo "1834"]
[PlyCount "67"]
[EventDate "2005.??.??"]
[EventType "corr"]
[EventRounds "2"]
[SourceDate "2005.02.23"]

1. e4 c5 2. Nf3 e6 3. d4 cxd4 4. Nxd4 a6 5. Nc3 Qc7 6. Bd3 Nc6 7. Nf3 Nf6 8.
Bg5 Be7 9. O-O O-O 10. Re1 d6 11. a3 h6 12. Bh4 Nd7 13. Bxe7 Nxe7 14. Qd2 e5
15. Rad1 Nf6 16. Be2 Ne8 17. Nd5 Nxd5 18. exd5 f5 19. c4 f4 20. Nxe5 dxe5 21.
d6 Nxd6 22. Qxd6 Qxd6 23. Rxd6 Re8 24. Bh5 Re7 25. Rd8+ Kh7 26. c5 Bg4 27. Rxa8
Bxh5 28. c6 bxc6 29. Rxa6 g5 30. Rxc6 Kg7 31. b4 Ra7 32. Rxe5 Rxa3 33. Ra5 Rb3
34. h4 1-0

[Event "16PCR_ZK07"]
[Site "?"]
[Date "2005.??.??"]
[Round "?"]
[White "Slavik, Miroslav"]
[Black "Houdek, Vladimir"]
[Result "1/2-1/2"]
[WhiteElo "2198"]
[BlackElo "2151"]
[PlyCount "50"]
[EventDate "2005.??.??"]
[EventType "corr"]
[EventRounds "2"]
[SourceDate "2005.02.23"]

1. e4 e6 2. d4 d5 3. e5 c5 4. c3 Nc6 5. Nf3 Bd7 6. Be2 Nge7 7. O-O Ng6 8. Be3
Be7 9. Ne1 Qb6 10. Qd2 O-O 11. f4 cxd4 12. cxd4 Rac8 13. Nc3 Nh4 14. Bf2 Nf5
15. Nf3 h5 16. Rfc1 Na5 17. Bd3 g6 18. Bxf5 gxf5 19. Bh4 Bxh4 20. Nxh4 Nc4 21.
Qf2 Qxb2 22. Qg3+ Kh8 23. Qg5 Nd2 24. Qxh5+ Kg7 25. Qg5+ Kh7 1/2-1/2

[Event "16PCR_ZK07"]
[Site "?"]
[Date "2005.??.??"]
[Round "?"]
[White "Slavik, Miroslav"]
[Black "Latal, Frantisek"]
[Result "1-0"]
[WhiteElo "2198"]
[BlackElo "2046"]
[PlyCount "79"]
[EventDate "2005.??.??"]
[EventType "corr"]
[EventRounds "2"]
[SourceDate "2005.02.23"]

1. d4 d5 2. Nf3 Nf6 3. c4 e6 4. Nc3 c5 5. e3 Nc6 6. a3 cxd4 7. exd4 Be7 8. cxd5
Nxd5 9. Bd3 O-O 10. O-O Bf6 11. Re1 Bd7 12. Bc2 Re8 13. Qd3 g6 14. Bb3 Nxc3 15.
bxc3 e5 16. d5 e4 17. Rxe4 Ne5 18. Qd2 Bf5 19. Rxe5 Bxe5 20. Nxe5 Rxe5 21. c4
Qe7 22. Bb2 Re2 23. Qc3 f6 24. c5 Qe5 25. Qxe5 fxe5 26. Bc3 Rc8 27. d6+ Kf8 28.
Ba4 Rxc5 29. Bb4 Rd5 30. Rd1 Bd3 31. d7+ Kg7 32. Ba5 b6 33. Bc3 Kf6 34. Bc6 Rd6
35. f4 Ke6 36. Bxe5 Rxe5 37. fxe5 Rd4 38. Kf2 Kxe5 39. Ke3 Rxd7 40. Bxd7 1-0

[Event "16PCR_ZK07"]
[Site "?"]
[Date "2005.??.??"]
[Round "?"]
[White "Slavik, Miroslav"]
[Black "Majstr, Jiri"]
[Result "1-0"]
[WhiteElo "2198"]
[BlackElo "1600"]
[PlyCount "65"]
[EventDate "2005.??.??"]
[EventType "corr"]
[EventRounds "2"]
[SourceDate "2005.02.23"]

1. d4 d5 2. Nf3 c6 3. c4 dxc4 4. e3 e6 5. Bxc4 Nf6 6. Nc3 b5 7. Bd3 Bb4 8. O-O
Bxc3 9. bxc3 Nbd7 10. a4 bxa4 11. Qxa4 Qc7 12. Ba3 Bb7 13. Rfb1 c5 14. Bxc5
Bxf3 15. gxf3 Nd5 16. Rc1 f6 17. c4 Ne7 18. Be4 Rb8 19. Bxe7 Kxe7 20. Qxa7 Rhc8
21. c5 f5 22. Qxc7 Rxc7 23. Bd3 Nf6 24. Ra6 Nd5 25. Bc4 Rb2 26. Bxd5 exd5 27.
Kg2 Rcb7 28. Kg3 Rd7 29. h4 g6 30. h5 gxh5 31. Rh1 Rbb7 32. Rxh5 Kd8 33. Rxf5
1-0

[Event "16PCR_ZK07"]
[Site "?"]
[Date "2005.??.??"]
[Round "?"]
[White "Slavik, Miroslav"]
[Black "Vanc, Vladimir"]
[Result "1-0"]
[WhiteElo "2198"]
[BlackElo "1834"]
[PlyCount "51"]
[EventDate "2005.??.??"]
[EventType "corr"]
[EventRounds "2"]
[SourceDate "2005.02.23"]

1. d4 Nf6 2. c4 e6 3. Nc3 Bb4 4. Qc2 c5 5. dxc5 Na6 6. a3 Bxc3+ 7. Qxc3 Nxc5 8.
f3 a5 9. e4 O-O 10. Be3 Qe7 11. Rd1 Ne8 12. Ne2 f5 13. e5 g5 14. h4 g4 15. Bh6
Rf7 16. Qe3 Ng7 17. Rd6 Na6 18. fxg4 fxg4 19. Ng3 Nc7 20. Bd3 Nce8 21. Qe4 Nf5
22. Qxg4+ Neg7 23. Bxg7 Rxg7 24. Nxf5 exf5 25. Qxf5 Rxg2 26. Be4 1-0

[Event "16PCR_ZK07"]
[Site "?"]
[Date "2005.??.??"]
[Round "?"]
[White "Vanc, Vladimir"]
[Black "Houdek, Vladimir"]
[Result "0-1"]
[WhiteElo "1834"]
[BlackElo "2151"]
[PlyCount "46"]
[EventDate "2005.??.??"]
[EventType "corr"]
[EventRounds "2"]
[SourceDate "2005.02.23"]

1. f4 d5 2. Nf3 Nf6 3. e3 g6 4. b3 Bg7 5. Bb2 O-O 6. Be2 c5 7. O-O Nc6 8. c4 d4
9. exd4 cxd4 10. Ne1 Bf5 11. Bd3 Bg4 12. Be2 Be6 13. Nd3 Qa5 14. a3 Qf5 15. a4
a6 16. Na3 Rad8 17. Nc2 h5 18. Nce1 h4 19. Rf3 g5 20. fxg5 Qxg5 21. Rf4 Ne5 22.
Rxd4 Nxd3 23. Rxd3 Qc5+ 0-1